Kleinste Binnenstaaten der Welt - Statistiken

Allgemein
  • Dieses Quiz wurde 414 mal gespielt
  • Das Durchschnittsergebnis liegt bei 12 aus 15
Antwortstatistiken
Hint Antwort % Korrekt
0,44 km² Vatikanstadt
99%
468 km² Andorra
98%
61 km² San Marino
98%
2.586 km² Luxemburg
94%
160 km² Liechtenstein
93%
30.355 km² Lesotho
89%
38.394 km² Bhutan
87%
26.338 km² Ruanda
82%
27.830 km² Burundi
79%
10.887 km² Kosovo
78%
17.364 km² Swasiland
72%
33. 851 km² Moldawien
69%
41.277 km² Schweiz
68%
25.713 km² FYROM
66%
29.743 km² Armenien
59%
Keine übereinstimmenden Quizze gefunden
Verteilung der Resultate
Anzahl Personen mit jedem Resultat
Perzentil nach korrekt beantworteten Fragen
Ihre Resultats-Entwicklung
Sie haben dieses Quiz noch nicht gespielt